Najwięksi producenci srebra 2024 - Statystyki

Ogólne statystyki
  • Ten quiz został rozwiązany 73 razy
  • Średni wynik to 6 z 10
Statystyki odpowiedzi
TON Państwo % Poprawnych
1000 Stany Zjednoczone
97%
3400 Chiny
91%
1200 Rosja
91%
1200 Australia
76%
6400 Meksyk
74%
1300 Polska
56%
1400 Chile
50%
3100 Peru
50%
990 Kazachstan
35%
1200 Boliwia
26%
Nie znaleziono quizów pasujących do podanych kryteriów
Rozkład punktacji
Procent ludzi z każdym wynikiem
Percentyl według liczby udzielonych odpowiedzi
Twoja historia wyników
Nie rozwiązałeś tego quizu